Saharauis : diario de los campamentos / Fotografías: Paco Feria ; [prólogo: Ahmed Bujari] diario de los campamentos / Fotografías:
ISBN:
84-933919-8-0
Descripción Física:
103 p. : principalment fot. ; 22 cm
Materias:
Sàhara Occidental -- Fotografies
MARC
| LEADER | 00000nam a2200000Ia 4500 | ||
|---|---|---|---|
| 001 | 19326 | ||
| 008 | 160829s2006 xx 000 0 cat d | ||
| 020 | |a 84-933919-8-0 | ||
| 080 | |a B-2-133 | ||
| 245 | |a Saharauis : |b diario de los campamentos / Fotografías: |b Paco Feria ; [prólogo: |b Ahmed Bujari] | ||
| 260 | |a Barcelona : |b Llibres a Mida, |c 2006 | ||
| 300 | |a 103 p. : |b principalment fot. ; |c 22 cm | ||
| 650 | |a Sàhara Occidental |x Fotografies |9 46327 | ||
| 700 | 1 | |a Feria, Paco |9 46328 | |
| 700 | 1 | |a Bujari, Ahmed |9 46329 | |
| 901 | |a Arxiu | ||
| 942 | |n 1 | ||
| 952 | |0 0 |1 0 |4 0 |6 B2133 |7 1 |9 53152 |a Arxiu |b Arxiu |d 2016-12-01 |l 0 |o B-2-133 |p 19326 |r 2016-12-01 00:00:00 |w 2016-12-01 |y ARXIU | ||
| 999 | |c 57001 |d 57001 | ||